<?xml version="1.0" encoding="UTF-8"?><?xml-stylesheet type="text/xsl" href="static/style.xsl"?><OAI-PMH xmlns="http://www.openarchives.org/OAI/2.0/" xmlns:xsi="http://www.w3.org/2001/XMLSchema-instance" xsi:schemaLocation="http://www.openarchives.org/OAI/2.0/ http://www.openarchives.org/OAI/2.0/OAI-PMH.xsd"><responseDate>2026-06-01T12:18:32Z</responseDate><request verb="GetRecord" identifier="oai:riuma.uma.es:10630/23440" metadataPrefix="marc">https://riuma.uma.es/rest/oai/request</request><GetRecord><record><header><identifier>oai:riuma.uma.es:10630/23440</identifier><datestamp>2026-02-03T11:06:57Z</datestamp><setSpec>com_10630_2254</setSpec><setSpec>col_10630_37953</setSpec></header><metadata><record xmlns="http://www.loc.gov/MARC21/slim" xmlns:dcterms="http://purl.org/dc/terms/" xmlns:doc="http://www.lyncode.com/xoai" xmlns:xsi="http://www.w3.org/2001/XMLSchema-instance" xsi:schemaLocation="http://www.loc.gov/MARC21/slim http://www.loc.gov/standards/marcxml/schema/MARC21slim.xsd">
   <leader>00925njm 22002777a 4500</leader>
   <datafield ind2=" " ind1=" " tag="042">
      <subfield code="a">dc</subfield>
   </datafield>
   <datafield ind2=" " ind1=" " tag="720">
      <subfield code="a">Bouha, Faiza Nabila</subfield>
      <subfield code="e">author</subfield>
   </datafield>
   <datafield ind2=" " ind1=" " tag="720">
      <subfield code="a">Kacimi, Larbi</subfield>
      <subfield code="e">author</subfield>
   </datafield>
   <datafield ind2=" " ind1=" " tag="720">
      <subfield code="a">Gómez-de-la-Torre, María de los  Ángeles</subfield>
      <subfield code="e">author</subfield>
   </datafield>
   <datafield ind2=" " ind1=" " tag="260">
      <subfield code="c">2022</subfield>
   </datafield>
   <datafield ind2=" " ind1=" " tag="520">
      <subfield code="a">This study, within the framework of eco-cement development, aims to manufacture reactive belite-sulfoaluminate cement (BYF) as alternative to Portland cement (PC). This ecological cement is obtained at low temperature from a mixture of industrial wastes using two synthetic methods, dry and hydrothermal treatment. The main minerals of this cement are β-C2S and calcium sulfoaluminate (C4A3Š), the latter being very reactive, which provide high performances cementitious materials. The hydrothermal treatment of raw mixture led to reduce the burning temperature of clinker up to 1200 °C.&#xd;
&#xd;
The mineral phases of the produced cements and theirs pastes were identified and quantified by XRPD coupled with Rietveld method. The hydraulic reactivity of cement was studied using XRPD and thermal analyses. The resulting mortars are very reactive and develop more than 42 MPa of compressive strengths after 28 days.</subfield>
   </datafield>
   <datafield ind1="8" ind2=" " tag="024">
      <subfield code="a">Construction and Building Materials 314 (2022) 125641</subfield>
   </datafield>
   <datafield ind1="8" ind2=" " tag="024">
      <subfield code="a">https://hdl.handle.net/10630/23440</subfield>
   </datafield>
   <datafield ind1="8" ind2=" " tag="024">
      <subfield code="a">10.1016/j.conbuildmat.2021.125641</subfield>
   </datafield>
   <datafield tag="653" ind2=" " ind1=" ">
      <subfield code="a">Cemento</subfield>
   </datafield>
   <datafield tag="653" ind2=" " ind1=" ">
      <subfield code="a">Alteración hidrotermal</subfield>
   </datafield>
   <datafield ind2="0" ind1="0" tag="245">
      <subfield code="a">Manufacture of rich-sulfoaluminate belite cement at low temperature from waste mixture by dry and hydrothermal processes</subfield>
   </datafield>
</record>
</metadata></record></GetRecord></OAI-PMH>